000 01254nam2a2200217 4500
001 RU\NLR\BIBL_A\012738250
005 20250624135502.0
010 _a978-5-6042111-8-2
035 _a(NLR Aleph) 012738250
090 _a12994006
_c12994006
100 _a20220323d2021 |||y0rusy50 ca
101 0 _arus
102 _aRU
200 0 _a2021, вып. 1 (33)
210 _d2021
_aБ. м.
461 0 _1001RU\NLR\BIBL_A\012058325
_12001#$aРоль науки в трансформирующемся мире$fЧерномор. высш. воен.-мор. училище им. П.С. Нахимова, ФГАОУ ВО "Крым. федерал. ун-т им. В.И. Вернадского", Севастоп. экон.-гуманит. ин-т (фил.)$v2021, вып. 1 (33)
_911689597
_cСевастополь
_d2019 -
_fЧерномор. высш. воен.-мор. училище им. П.С. Нахимова, ФГАОУ ВО "Крым. федерал. ун-т им. В.И. Вернадского", Севастоп. экон.-гуманит. ин-т (фил.)
_nЧВВМУ
_tРоль науки в трансформирующемся мире
_v2021, вып. 1 (33)
852 _aNLR
_jП23/9576
942 _cISSUE
980 _aNB
980 _aRUSPER